000
00288nam a22001337a 4500
003
SGT
082
_a
150
_b
E99M
100
_a
MESSER, DAVID
245
_a
EXPLORING DEVELOPMENTAL PSYCHOLOGY
260
_a
LONDAN
_b
ARNALD
_c
1999
300
_a
524
650
_a
PSYCHOLOGY
942
_2
ddc
_c
BK
999
_c
10405
_d
10405